000
00320nam a2200109Ia 4500
008
201224s9999 xx 000 0 und d
100
_a
Jalal, Ayesha
245
0
_a
(The) Sole Spokesman : Jinnah, The Muslim League and The Demand for Pakistan
260
_a
Cambridge
_b
Cambridge University Press
300
_a
0
942
_c
BK
999
_c
8762
_d
8762